Solid Statics / (Record no. 333758)
[ view plain ]
| 000 -LEADER | |
|---|---|
| fixed length control field | 00242cam a2200109ua 4500 |
| 082 ## - DEWEY DECIMAL CLASSIFICATION NUMBER | |
| Classification number | 531.12 |
| Item number | VAZ/SO |
| 100 ## - MAIN ENTRY--PERSONAL NAME | |
| Personal name | Vazirani, V.S . |
| 9 (RLIN) | 1808 |
| 245 ## - TITLE STATEMENT | |
| Title | Solid Statics / |
| 300 ## - PHYSICAL DESCRIPTION | |
| Extent | 550 ; . |
| 700 1# - ADDED ENTRY--PERSONAL NAME | |
| Personal name | Ratwani, M .M . |
| 9 (RLIN) | 1703 |
| 942 ## - ADDED ENTRY ELEMENTS (KOHA) | |
| Koha item type | Books (General) |
| Withdrawn status | Lost status | Damaged status | Not for loan | Home library | Current library | Date acquired | Total Checkouts | Full call number | Barcode | Date last seen | Price effective from | Koha item type |
|---|---|---|---|---|---|---|---|---|---|---|---|---|
| Kelappaji College of Agricultural Engineering & Technology Library, Tavanur | Kelappaji College of Agricultural Engineering & Technology Library, Tavanur | 07/04/2012 | 531.12 VAZ/SO | KAU_KCAEFT-11322 | 03/09/2025 | 03/09/2025 | Books (General) |
